| LEADER |
01083nam0a2200205 450 |
| 001 |
16868288 |
| 010 |
|
|
|a 978-2-7316-2579-0
|b cart.
|d 15,5
|
| 100 |
|
|
|a 20220404d2022 u u0frey01 ba
|
| 101 |
0 |
|
|a fre
|
| 102 |
|
|
|a FR
|
| 200 |
0 |
|
|a Courbée, je me redresse
|f scénario Christophe Bec
|g dessin Ennio Bufi
|
| 207 |
|
1 |
|a
|
| 215 |
|
|
|a 1 vol. (56 p.)
|c illustrations en couleur
|d 32 cm
|
| 330 |
|
|
|a Fait partie du dyptique 'Le bagarreur'. 2029. Deux ans après un cataclysme que le monde a raisonné que l'on connaît, Lou Melville est victime d'un accident de sous-marin. Recyclée par les mines, elle réside dans la cour de l'ancienne plate-forme de patrouille qui est leur monastère. Mais l'équilibre du lieu est menacé par l'apparition d'un groupe religieux dissident. Et si la présence de Lou en était la cause ?
|
| 461 |
|
0 |
|t Carthago
|v 14
|
| 700 |
|
0 |
|a Bec
|b Christophe
|4 70
|
| 701 |
|
0 |
|a Bufi
|b Ennio
|4 440
|
| 900 |
|
|
|a Bande dessinée (adultes)
|
| 901 |
|
|
|a Adultes
|
| 995 |
|
|
|a Médiathèque
|c Médiathèque
|f 00156011125127
|h 00156011125127
|k BDA BEC BAG 2
|o p
|q a
|r az
|e Médiathèque
|